| 000 | 01964nam a2200265 u 4500 | ||
|---|---|---|---|
| 003 | SEM | ||
| 005 | 20250617124615.0 | ||
| 008 | 031014s1987 ai ||||gr||||||01|0|arm|d | ||
| 040 |
_aSEM _cSEM |
||
| 041 | 0 | _aarm | |
| 080 | _a930.27(47.925)(075.8)/Մ-47 | ||
| 100 | 1 |
_aՄելիք-Բախշյան, Ստեփան Տիգրանի _d(1924-1998) |
|
| 245 | 1 | 0 |
_aՀայկական հնագրություն : _bԴասագիրք պատմության և բանասիրության մասնագիտությունների ուսանողների համար / _cՍտ. Ս. Մելիք-Բախշյան ; Խմբ.՝ Ս. Պ. Լալաֆարյան ; Երևանի պետական համալսարան |
| 260 |
_aԵրևան : _bԵրևանի համալսարանի հրատ., _c1987. |
||
| 300 |
_a210 էջ ; _bնկ. ; աղյս. ; _c21 սմ |
||
| 500 | _a[Գրի մշակույթը Հին Հայաստանում: Հայկական գրերն ու նրանց տեսակները: Կետադրության և առոգանության նշաններ: Համառոտագրություն և հապավում: Կապգրեր: Թվականների գործածությունը հայերենում: Գաղափարագրեր կամ նշանագրեր: Ծածկագրություն: Տոմրա: Հայկական երաժշտական նշաններ՝ խազեր: Մանրանկարչություն: Ձեռագրական արվեստը Հայաստանում:] | ||
| 504 | _aՀավելված՝ էջ 131-184; Հավելվածում դրվող նկ. վերլուծ.՝ էջ 185-208; Ցանկ հանձն. գրակ.՝ էջ 209: | ||
| 650 | 1 | 4 |
_aՀնագրություն _zՀայաստան _xդասագիրք |
| 650 | 1 | 4 |
_aՀայ մշակույթ _xՀին աշխարհ |
| 650 | 1 | 4 |
_aՀայոց գրեր _xպատմություն _xտեսակներ |
| 653 | _aՍէմ | ||
| 700 | 1 |
_aԼալաֆարյան, Ս. Պ. _eխմբ. _4edt. |
|
| 710 | 2 | _aԵրևանի պետական համալսարան | |
| 942 |
_2udc _cBK |
||
| 999 |
_c44799 _d44799 |
||